Complete the Map Snippet VII Quiz Stats

 Plays Quiz Updated Apr 27, 2021

Support Sporcle.
Go Orange.
Score 0/22 Timer 02:00
54 Plays Today
% Correct
Akrotiri and Dhekelia (UK)
100%
Iran
94.3%
Cyprus
94.1%
Iraq
94.1%
Turkey
92.8%
Saudi Arabia
92.6%
Israel
92%
Egypt
91.3%
Jordan
89.1%
United Arab Emirates
87.4%
Syria
87.1%
% Correct
Oman
86.6%
Yemen
86.3%
Afghanistan
85.9%
Pakistan
83.2%
Palestine
83%
Qatar
79.1%
Kuwait
77.8%
Lebanon
77.7%
Sudan
77.3%
Bahrain
69.1%
Turkmenistan
66.8%

You're not logged in!

Compare scores with friends on all Sporcle quizzes.
OR
Log In

From the Vault

Fill-in-the-Blank: Hymn Titles

by ChargingTiger

Gather round the piano and find your singing part.
Remove Ads.
Support Sporcle.
Get the best of Sporcle when you Go Orange. This ad-free experience offers more features, more stats, and more fun while also helping to support Sporcle. Thank you for becoming a member.

Show Comments

Extras

Top Quizzes Today


Score Distribution

Your Account Isn't Verified!

In order to create a playlist on Sporcle, you need to verify the email address you used during registration. Go to your Sporcle Settings to finish the process.

Report this User

Report this user for behavior that violates our Community Guidelines.

Details: